Nocturno y otros desamparos / (Record no. 52541)
[ view plain ]
| 000 -CABECERA | |
|---|---|
| campo de control de longitud fija | 00870nam a22002657a 4500 |
| 003 - IDENTIFICADOR DEL NÚMERO DE CONTROL | |
| campo de control | DO-SdBNP |
| 005 - FECHA Y HORA DE LA ÚLTIMA TRANSACCIÓN | |
| campo de control | 20221101140850.0 |
| 007 - CAMPO FIJO DE DESCRIPCIÓN FÍSICA--INFORMACIÓN GENERAL | |
| campo de control de longitud fija | ta |
| 008 - DATOS DE LONGITUD FIJA--INFORMACIÓN GENERAL | |
| campo de control de longitud fija | 110301s20072022dr 000 0 spa d |
| 020 ## - NÚMERO INTERNACIONAL ESTÁNDAR DEL LIBRO | |
| Número Internacional Estándar del Libro | 9789945608977 |
| 040 ## - FUENTE DE LA CATALOGACIÓN | |
| Centro catalogador/agencia de origen | DO-SdBNP |
| Lengua de catalogación | spa |
| Centro/agencia transcriptor | BNPHU |
| 082 #4 - NÚMERO DE LA CLASIFICACIÓN DECIMAL DEWEY | |
| Número de documento/Ítem | A275n |
| 100 1# - ENTRADA PRINCIPAL--NOMBRE DE PERSONA | |
| Nombre de persona | Agosto Rosario, Moisés |
| 9 (RLIN) | 53018 |
| Fechas asociadas al nombre | 1965- |
| 245 10 - MENCIÓN DE TÍTULO | |
| Título | Nocturno y otros desamparos / |
| Mención de responsabilidad, etc. | Moisés Agosto Rosario ; prólogo Rubén Ríos Ávila |
| 260 ## - PUBLICACIÓN, DISTRIBUCIÓN, ETC. | |
| Lugar de publicación, distribución, etc. | Puerto Rico : |
| Nombre del editor, distribuidor, etc. | Isla Negra, |
| Fecha de publicación, distribución, etc. | 2022. |
| 300 ## - DESCRIPCIÓN FÍSICA | |
| Extensión | 139 p. : |
| Dimensiones | 22 cm. |
| 490 1# - MENCIÓN DE SERIE | |
| Mención de serie | El Canon secuestrado |
| 500 ## - NOTA GENERAL | |
| Nota general | Incluye datos biográficos del autor en la solapa de la cubierta. |
| 500 ## - NOTA GENERAL | |
| Nota general | Impreso en República Dominicana. |
| 590 ## - NOTA LOCAL (RLIN) | |
| Nota local | Inventariado, 2022/ YL |
| 700 1# - PUNTO DE ACCESO ADICIONAL--NOMBRE DE PERSONA | |
| Nombre de persona | Ríos Ávila, Rubén, |
| Término indicativo de función/relación | prol. |
| 9 (RLIN) | 8222 |
| 830 #0 - PUNTO DE ACCESO ADICIONAL DE SERIE-TÍTULO UNIFORME | |
| Nombre de parte o sección de la obra | El Canon secuestrado (isla negra) |
| 9 (RLIN) | 82510 |
| 910 ## - DATOS DE OPCIÓN DEL USUARIO (OCLC) | |
| Datos de opción del usuario | YLockward |
| 942 ## - ELEMENTOS DE PUNTO DE ACCESO ADICIONAL (KOHA) | |
| Fuente del sistema de clasificación o colocación | Dewey Decimal Classification |
| Tipo de ítem Koha | Libro |
| Estado de retiro | Estado de pérdida | Fuente del sistema de clasificación o colocación | Restricciones de uso | No para préstamo | Código de colección | Localización permanente | Ubicación/localización actual | Ubicación en estantería | Fecha de adquisición | Fuente de adquisición | Signatura topográfica completa | Código de barras | Fecha visto por última vez | Precio válido a partir de | Tipo de ítem Koha | Número de copia |
|---|---|---|---|---|---|---|---|---|---|---|---|---|---|---|---|---|
| Dewey Decimal Classification | Excluido de préstamo | General | Biblioteca Nacional Pedro Henríquez Ureña | Biblioteca Nacional Pedro Henríquez Ureña | En catalogación | 09.05.2022 | Editora Búho | A275n | 2022-4313 | 10.10.2022 | 10.10.2022 | Libro | ||||
| Dewey Decimal Classification | Excluido de préstamo | General | Biblioteca Nacional Pedro Henríquez Ureña | Biblioteca Nacional Pedro Henríquez Ureña | En catalogación | 09.05.2022 | Editora Búho | A275n | 2022-4314 | 10.10.2022 | 10.10.2022 | Libro | e. 2 | |||
| Dewey Decimal Classification | Excluido de préstamo | General | Biblioteca Nacional Pedro Henríquez Ureña | Biblioteca Nacional Pedro Henríquez Ureña | En catalogación | 09.05.2022 | Editora Búho | A275n | 2022-4315 | 10.10.2022 | 10.10.2022 | Libro | e. 3 |
